The Smiths - Frankly, Mr. Shankly Lyrics - Statistics

General Stats
  • This quiz has been taken 229 times
  • The average score is 146 of 196
Answer Stats
Hint Answer % Correct
Verse 1 | Verse 2 | Verse 5 | Verse 6 Frankly
100%
frankly
100%
I
100%
Mr
100%
Shankly
100%
a
96%
my
93%
do
92%
You
92%
you
92%
the
90%
this
89%
It
87%
it
87%
I've
87%
me
87%
so
87%
go
86%
to
86%
in
85%
position
83%
want
82%
and
81%
down
81%
be
76%
history
76%
I'm
76%
soul
76%
held
75%
way
74%
breathing
73%
century
73%
neck
73%
not
73%
poetry
72%
sickening
71%
got
70%
But
69%
musical
69%
must
69%
corrodes
68%
mean
68%
pain
67%
that
67%
wreck
67%
wrote
67%
will
66%
ass
65%
awful
65%
didn't
65%
Oh
65%
21st
64%
give
64%
money
64%
pays
64%
such
64%
us
64%
realize
63%
bloody
61%
leave
61%
live
61%
ill
60%
miss
60%
are
59%
cards
57%
of
57%
rude
57%
Christmas
56%
fast
56%
love
56%
move
56%
on
56%
speak
56%
your
56%
day
55%
I'd
54%
mentally
54%
or
54%
rather
54%
Any
53%
any
53%
ask
53%
more
53%
ashamed
52%
can
52%
making
52%
understand
52%
with
52%
famous
51%
feel
51%
holy
51%
might
51%
Still
51%
Verse 3 Fame
50%
fame
50%
since
50%
something
50%
sometimes
50%
catch
49%
righteous
49%
than
49%
celluloid
47%
brain
46%
play
46%
Fatal
44%
fulfilled
44%
hideous
44%
tricks
43%
flatulent
41%
No matching quizzes found
Score Distribution
Percent of People with Each Score
Percentile by Number Answered
Your Score History
You have not taken this quiz